La Educación en la Sociedad del Conocimiento y del Riesgo /

Los desafíos que la sociedad actual le plantea a la educación se\consideran desde la perspectiva de la construcción del conocimiento y de una\sociedad democrática, proponiendo el desarrollo de competencias profesionales,\que posibiliten que las personas, en el contexto de la sociedad del conocimient...

Descripción completa

Detalles Bibliográficos
Autor principal: Mella Garay, Elia
Formato: Libro
Lenguaje:inglés
Acceso en línea:Acceso electrónico al documento

MARC

LEADER 00000cam a2200000 a 4500
001 040340
003 UAHC_CL
005 20170803124438.0
008 050510b xx j 000 1 eng
040 |a UAHC_CL  |c UAHC_CL  |d UAHC_CL 
100 1 |a Mella Garay, Elia 
245 1 3 |a La Educación en la Sociedad del Conocimiento y del Riesgo /  |c Elia Mella Garay. 
500 |a En: REVISTA ENFOQUES EDUCACIONALES 5 (1): 107 - 114, 2003 
520 |a Los desafíos que la sociedad actual le plantea a la educación se\consideran desde la perspectiva de la construcción del conocimiento y de una\sociedad democrática, proponiendo el desarrollo de competencias profesionales,\que posibiliten que las personas, en el contexto de la sociedad del conocimiento y\del riesgo, sean capaces de posicionarse e integrarse en ella, aportando reflexiva y\críticamente, a la construcción y desarrollo del ser humano como individuo y al de\la sociedad en su conjunto. 
856 |u http://csociales.uchile.cl/publicaciones/enfoques/07/Mella_LaEducacionenlaSociedaddelConocyelCambio.pdf  |3 Acceso electrónico al documento  |y Acceso electrónico al documento 
900 |a REV. ENFOQUES EDUC.-01/03 
942 |c BK 
999 |c 40340  |d 40340